Strawhat Crew Members (One Piece) - Statistics

General Stats
  • This quiz has been taken 2,622 times
  • The average score is 9 of 9
Answer Stats
Answer % Correct
Monkey D. Luffy
100%
Nami
99%
Rorona Zoro
99%
Sanji
98%
Toni Toni Chopper
98%
Nico Robin
97%
Franky
96%
Brook
95%
Usopp
94%
No matching quizzes found
Score Distribution
Percent of People with Each Score
Percentile by Number Answered
Your Score History
You have not taken this quiz